[Event "WSTCC-65 2020"]
[Site "Prague"]
[Date "2020.03.12"]
[Round "7.32"]
[White "Nickl, Klaus"]
[Black "Schrickx, Frank"]
[Result "1-0"]
[WhiteElo "1946"]
[BlackElo "1826"]
[Annotator "ChessBase"]
[PlyCount "65"]
[EventDate "2020.03.06"]
[EventType "team-tourn"]
[EventCountry "CZE"]
[SourceTitle "playchess.com"]
[Source "ChessBase"]
[SourceQuality "1"]
[TimeControl "40/5400+30:1800+30"]

1. d4 {[%emt 0:00:00]} d5 {[%emt 0:00:00]} 2. Bf4 {[%emt 0:00:00]} Nf6 {[%emt 0:00:18]} 3. e3 {[%emt 0:00:00]} e6 {[%emt 0:01:45]} 4. Nf3 {[%emt 0:00:26]} c5 {[%emt 0:01:18]} 5. c3 {[%emt 0:00:12]} Nc6 {[%emt 0:01:05]} 6. Nbd2 {[%emt 0:00:51]} Be7 {[%emt 0:00:57]} 7. Bd3 {[%emt 0:00:32]} Nh5 {[%emt 0:05:22]} 8. Bg3 {[%emt 0:00:24]} g6 {[%emt 0:02:00]} 9. O-O {[%emt 0:06:47]} Nxg3 {[%emt 0:00:54]} 10. hxg3 {[%emt 0:00:12]} Bd7 {[%emt 0:01:47]} 11. a3 {[%emt 0:06:27]} a5 {[%emt 0:06:18]} 12. dxc5 {[%emt 0:06:11]} Bxc5 {[%emt 0:00:11]} 13. b4 {[%emt 0:00:09]} axb4 {[%emt 0:04:58]} 14. axb4 {[%emt 0:01:11]} Bd6 {[%emt 0:01:08]} 15. e4 {[%emt 0:12:28]} O-O {[%emt 0:08:59]} 16. Qb3 {[%emt 0:04:07]} dxe4 {[%emt 0:06:56]} 17. Nxe4 {[%emt 0:01:18]} Qc7 {[%emt 0:11:52]} 18. Rxa8 {[%emt 0:05:16]} Rxa8 {[%emt 0:00:02]} 19. Nxd6 {[%emt 0:00:15]} Qxd6 {[%emt 0:00:19]} 20. Rd1 {[%emt 0:00:12]} Qc7 {[%emt 0:03:05]} 21. Qc4 {[%emt 0:05:27]} Qb8 {[%emt 0:04:19]} 22. Qh4 {[%emt 0:05:48]} Ne5 {[%emt 0:09:20]} 23. Ng5 {[%emt 0:15:04]} h5 {[%emt 0:00:20]} 24. Be2 {[%emt 0:03:41]} Be8 {[%emt 0:05:24]} 25. g4 {[%emt 0:07:47]} Ra2 {[%emt 0:04:41]} 26. Re1 {[%emt 0:05:59]} Rxe2 {[%emt 0:01:38]} 27. Rxe2 {[%emt 0:00:24]} Nxg4 {[%emt 0:00:07]} 28. Ne4 {[%emt 0:01:45]} Bb5 {[%emt 0:01:30]} 29. Rd2 {[%emt 0:00:31]} Qf4 {[%emt 0:01:20]} 30. f3 {[%emt 0:02:27]} f5 {[%emt 0:05:00]} 31. Rd8+ {[%emt 0:04:16]} Kf7 {[%emt 0:04:13]} 32. Nd6+ {[%emt 0:00:18]} Kg7 {[%emt 0:00:26]} 33. Qe7+ {[%emt 0:00:36] Kf7 Ne4+ Kg8 Qh4+ Qe3+ Rd2} 1-0

[Event "WSTCC-65 2020"]
[Site "Prague"]
[Date "2020.03.12"]
[Round "7.33"]
[White "Sejkora, Vlastimil"]
[Black "Jamieson, Peter M"]
[Result "0-1"]
[WhiteElo "2149"]
[BlackElo "2220"]
[Annotator "ChessBase"]
[PlyCount "76"]
[EventDate "2020.03.06"]
[EventType "team-tourn"]
[EventCountry "CZE"]
[SourceTitle "playchess.com"]
[Source "ChessBase"]
[SourceQuality "1"]
[TimeControl "40/5400+30:1800+30"]

1. e4 {[%emt 0:00:00]} g6 {[%emt 0:00:00]} 2. d4 {[%emt 0:00:00]} Bg7 {[%emt 0:00:03]} 3. c4 {[%emt 0:00:00]} d6 {[%emt 0:00:14]} 4. Nc3 {[%emt 0:00:00]} Nc6 {[%emt 0:00:25]} 5. Be3 {[%emt 0:00:03]} e5 {[%emt 0:00:45]} 6. d5 {[%emt 0:00:34]} Nce7 {[%emt 0:00:48]} 7. Bd3 {[%emt 0:08:51]} f5 {[%emt 0:01:34]} 8. exf5 {[%emt 0:00:22]} Nxf5 {[%emt 0:00:19]} 9. Bxf5 {[%emt 0:00:09]} Bxf5 {[%emt 0:00:19]} 10. Nf3 {[%emt 0:00:14]} Nf6 {[%emt 0:00:56]} 11. O-O {[%emt 0:05:06]} O-O {[%emt 0:01:15]} 12. h3 {[%emt 0:02:18]} Qe7 {[%emt 0:07:28]} 13. Qe2 {[%emt 0:00:36]} c5 {[%emt 0:01:09]} 14. Nd2 {[%emt 0:03:12]} h6 {[%emt 0:13:06]} 15. g4 {[%emt 0:00:54]} Bd7 {[%emt 0:01:22]} 16. Nde4 {[%emt 0:03:16]} Kh7 {[%emt 0:04:06]} 17. Kg2 {[%emt 0:00:41]} Rf7 {[%emt 0:00:40]} 18. f3 {[%emt 0:03:55]} Raf8 {[%emt 0:03:26]} 19. Nxf6+ {[%emt 0:04:03]} Bxf6 {[%emt 0:00:35]} 20. Ne4 {[%emt 0:00:01]} Bh4 {[%emt 0:04:00]} 21. Qd2 {[%emt 0:05:39]} g5 {[%emt 0:02:02]} 22. b4 {[%emt 0:06:53]} b6 {[%emt 0:01:04]} 23. a4 {[%emt 0:00:09]} Rb8 {[%emt 0:03:05]} 24. b5 {[%emt 0:07:32]} Rff8 {[%emt 0:01:44]} 25. a5 {[%emt 0:00:35]} Be8 {[%emt 0:01:04]} 26. axb6 {[%emt 0:05:20]} axb6 {[%emt 0:00:03]} 27. Ra6 {[%emt 0:00:08]} Bg6 {[%emt 0:00:46]} 28. Qd3 {[%emt 0:18:39]} Kh8 {[%emt 0:09:35]} 29. Bf2 {[%emt 0:03:40]} Bxf2 {[%emt 0:01:52]} 30. Rxf2 {[%emt 0:00:13]} Rf4 {[%emt 0:01:45]} 31. Qe2 {[%emt 0:02:28]} Rbf8 {[%emt 0:03:40]} 32. Ng3 {[%emt 0:02:13]} e4 {[%emt 0:01:21]} 33. Qb2+ {[%emt 0:00:16]} Kg8 {[%emt 0:01:56]} 34. Qa1 {[%emt 0:02:45]} Rxf3 {[%emt 0:06:45]} 35. Re2 {[%emt 0:00:02]} Qf7 {[%emt 0:05:16]} 36. Ra7 {[%emt 0:00:15]} Rxg3+ {[%emt 0:00:15]} 37. Kh2 {[%emt 0:00:01]} Rxh3+ {[%emt 0:00:52]} 38. Kg1 {[%emt 0:03:28]} Qf6 {[%emt 0:02:30]} 0-1

[Event "WSTCC-65 2020"]
[Site "Prague"]
[Date "2020.03.12"]
[Round "7.34"]
[White "White, Alastair F"]
[Black "Janda, Zdenek"]
[Result "1-0"]
[WhiteElo "2052"]
[BlackElo "2065"]
[Annotator "ChessBase"]
[PlyCount "59"]
[EventDate "2020.03.06"]
[EventType "team-tourn"]
[EventCountry "CZE"]
[SourceTitle "playchess.com"]
[Source "ChessBase"]
[SourceQuality "1"]
[TimeControl "40/5400+30:1800+30"]

1. e4 {[%emt 0:00:00]} g6 {[%emt 0:00:00]} 2. d4 {[%emt 0:00:01]} Bg7 {[%emt 0:00:00]} 3. Nc3 {[%emt 0:00:10]} d6 {[%emt 0:00:11]} 4. Be3 {[%emt 0:01:48]} c6 {[%emt 0:02:16]} 5. a4 {[%emt 0:00:14]} Nd7 {[%emt 0:01:03]} 6. h3 {[%emt 0:00:40]} e5 {[%emt 0:03:26]} 7. Nge2 {[%emt 0:01:39]} Ne7 {[%emt 0:00:27]} 8. g4 {[%emt 0:00:15]} O-O {[%emt 0:09:31]} 9. Qd2 {[%emt 0:08:44]} d5 {[%emt 0:00:39]} 10. Bg2 {[%emt 0:05:35]} c5 {[%emt 0:03:15]} 11. Nxd5 {[%emt 0:03:13]} Nxd5 {[%emt 0:01:15]} 12. exd5 {[%emt 0:00:11]} cxd4 {[%emt 0:02:03]} 13. Bh6 {[%emt 0:00:34]} Nf6 {[%emt 0:00:31]} 14. Bxg7 {[%emt 0:00:19]} Kxg7 {[%emt 0:00:02]} 15. c4 {[%emt 0:01:06]} Rh8 {[%emt 0:05:38]} 16. O-O {[%emt 0:02:51]} h5 {[%emt 0:02:00]} 17. g5 {[%emt 0:00:21]} Ne8 {[%emt 0:02:22]} 18. f4 {[%emt 0:02:00]} d3 {[%emt 0:05:05]} 19. Qxd3 {[%emt 0:12:16]} exf4 {[%emt 0:01:36]} 20. Qd4+ {[%emt 0:00:47]} Kh7 {[%emt 0:01:00]} 21. Nxf4 {[%emt 0:03:57]} Nd6 {[%emt 0:02:37]} 22. Nxh5 {[%emt 0:11:16]} gxh5 {[%emt 0:01:59]} 23. Rf6 {[%emt 0:00:41]} Kg8 {[%emt 0:06:22]} 24. g6 {[%emt 0:02:33]} Rh6 {[%emt 0:03:02]} 25. gxf7+ {[%emt 0:13:32]} Nxf7 {[%emt 0:00:17]} 26. Raf1 {[%emt 0:00:49]} Rxf6 {[%emt 0:21:24]} 27. Rxf6 {[%emt 0:00:16]} Bd7 {[%emt 0:00:12]} 28. d6 {[%emt 0:02:26]} Qf8 {[%emt 0:18:48]} 29. Rg6+ {[%emt 0:01:12]} Kh7 {[%emt 0:00:10]} 30. Be4 {[%emt 0:00:32]} 1-0

[Event "WSTCC-65 2020"]
[Site "Prague"]
[Date "2020.03.12"]
[Round "7.35"]
[White "Mlynek, Petr"]
[Black "Levy, David N L"]
[Result "1/2-1/2"]
[WhiteElo "2053"]
[BlackElo "2310"]
[Annotator "ChessBase"]
[PlyCount "56"]
[EventDate "2020.03.06"]
[EventType "team-tourn"]
[EventCountry "CZE"]
[SourceTitle "playchess.com"]
[Source "ChessBase"]
[SourceQuality "1"]
[TimeControl "40/5400+30:1800+30"]

1. d4 {[%emt 0:01:34]} Nf6 {[%emt 0:01:33]} 2. c4 {[%emt 0:00:12]} c5 {[%emt 0:00:05]} 3. d5 {[%emt 0:00:23]} b5 {[%emt 0:00:06]} 4. cxb5 {[%emt 0:00:18]} a6 {[%emt 0:00:06]} 5. bxa6 {[%emt 0:00:14]} g6 {[%emt 0:00:07]} 6. Nc3 {[%emt 0:00:17]} Bxa6 {[%emt 0:00:17]} 7. Nf3 {[%emt 0:00:28]} Bg7 {[%emt 0:00:50]} 8. e4 {[%emt 0:00:34]} Bxf1 {[%emt 0:00:08]} 9. Kxf1 {[%emt 0:00:06]} d6 {[%emt 0:00:14]} 10. g3 {[%emt 0:00:19]} O-O {[%emt 0:00:14]} 11. Kg2 {[%emt 0:00:08]} Nbd7 {[%emt 0:00:24]} 12. a4 {[%emt 0:00:40]} Qb6 {[%emt 0:00:20]} 13. Qe2 {[%emt 0:01:12]} Rfb8 {[%emt 0:01:56]} 14. Nb5 {[%emt 0:04:20]} Qb7 {[%emt 0:06:19]} 15. Bd2 {[%emt 0:06:04]} Nb6 {[%emt 0:10:59]} 16. b3 {[%emt 0:03:31]} c4 {[%emt 0:02:40]} 17. a5 {[%emt 0:14:49]} Nbxd5 {[%emt 0:03:04]} 18. exd5 {[%emt 0:03:27]} Qxb5 {[%emt 0:02:02]} 19. bxc4 {[%emt 0:00:27]} Qa6 {[%emt 0:03:24]} 20. Rab1 {[%emt 0:01:45]} Nxd5 {[%emt 0:05:34]} 21. Qe4 {[%emt 0:01:45]} Rxb1 {[%emt 0:01:46]} 22. Rxb1 {[%emt 0:00:51]} Nc3 {[%emt 0:04:36]} 23. Bxc3 {[%emt 0:00:53]} Bxc3 {[%emt 0:00:07]} 24. Qxe7 {[%emt 0:03:34]} Bxa5 {[%emt 0:05:37]} 25. Rb7 {[%emt 0:05:43]} Qxc4 {[%emt 0:01:19]} 26. Qxd6 {[%emt 0:00:46]} Rd8 {[%emt 0:03:47]} 27. Rb8 {[%emt 0:01:36]} Qc7 {[%emt 0:00:50]} 28. Rxd8+ {[%emt 0:01:48]} Qxd8 {[%emt 0:00:08]} 1/2-1/2

[Event "WSTCC-65 2020"]
[Site "Prague"]
[Date "2020.03.12"]
[Round "7.36"]
[White "McKerracher, Douglas"]
[Black "Fencl, Vaclav"]
[Result "1/2-1/2"]
[WhiteElo "1852"]
[BlackElo "1857"]
[Annotator "NA"]
[PlyCount "50"]
[EventDate "2020.03.06"]
[EventType "team-tourn"]
[EventCountry "CZE"]
[SourceTitle "playchess.com"]
[Source "ChessBase"]
[SourceQuality "1"]
[TimeControl "40/5400+30:1800+30"]

1. e4 {[%emt 0:00:00]} e5 {[%emt 0:00:00]} 2. Nf3 {[%emt 0:00:00]} d6 {[%emt 0:00:00]} 3. d4 {[%emt 0:00:21]} Nf6 {[%emt 0:00:00]} 4. Nc3 {[%emt 0:00:31]} Nbd7 {[%emt 0:00:08]} 5. Bc4 {[%emt 0:00:39]} Be7 {[%emt 0:00:15]} 6. O-O {[%emt 0:00:50]} O-O {[%emt 0:00:48]} 7. Re1 {[%emt 0:00:52]} c6 {[%emt 0:00:15]} 8. a4 {[%emt 0:00:37]} Qc7 {[%emt 0:00:36]} 9. a5 {[%emt 0:00:56]} Rb8 {[%emt 0:02:07] 9...h6 is the hot move.} 10. h3 {[%emt 0:03:43] C41: Philidor Defence.} b5 {[%emt 0:00:35]} 11. axb6 {[%emt 0:00:21]} axb6 {[%emt 0:00:24] [#]} 12. Be3 $146 {[%emt 0:00:52]} ({Predecessor:} 12. b3 b5 13. Bf1 Re8 14. Qd3 Bf8 15. Bg5 b4 16. Na4 d5 17. Nxe5 dxe4 18. Qd2 Nxe5 19. dxe5 {½-½ (45) Li,H (2193)-Wall,G (2330) Dublin 2019}) 12... b5 {[%emt 0:01:21]} 13. Bd3 {[%emt 0:05:49]} Re8 {[%emt 0:10:31]} 14. Qe2 {[%emt 0:04:59]} Bf8 {[%emt 0:04:01]} 15. dxe5 {[%emt 0:05:07]} Nxe5 {[%emt 0:03:15]} 16. Nxe5 {[%emt 0:01:42]} dxe5 {[%emt 0:00:06]} 17. f3 {[%emt 0:04:05]} Be6 {[%emt 0:00:49]} 18. Ra7 {[%emt 0:03:29]} Rb7 {[%emt 0:01:53]} 19. Rea1 $11 {[%emt 0:01:02]} Reb8 {[%emt 0:00:55]} 20. Qf2 {[%emt 0:03:24]} Rxa7 {[%emt 0:06:39]} 21. Rxa7 {[%emt 0:00:12]} Rb7 {[%emt 0:00:17]} 22. Rxb7 {[%emt 0:05:41]} Qxb7 {[%emt 0:00:04]} 23. b3 {[%emt 0:06:51]} Nd7 {[%emt 0:00:24]} 24. Qe2 {[%emt 0:07:25]} Qa8 {[%emt 0:04:01]} 25. Kh2 {[%emt 0:01:57]} Nc5 1/2-1/2

[Event "WSTCC-65 2020"]
[Site "Prague"]
[Date "2020.03.12"]
[Round "7.37"]
[White "Ruzicka, Zdenek"]
[Black "Ogaard, Leif"]
[Result "1-0"]
[WhiteElo "2163"]
[BlackElo "2362"]
[Annotator "TA"]
[PlyCount "101"]
[EventDate "2020.03.06"]
[EventType "team-tourn"]
[EventCountry "CZE"]
[SourceTitle "playchess.com"]
[Source "ChessBase"]
[SourceQuality "1"]

{[%evp 20,101,18,10,16,0,5,-29,-40,-33,-25,-31,0,-23,-17,-23,-51,-62,-58,-66,0,-94,-97,-94,-100,-89,-9,-10,0,0,0,-68,-41,-38,-38,-41,-49,-66,0,0,0,0,0,0,86,80,68,55,86,-177,-183,-276,-182,-168,-64,-75,-75,-91,0,-191,-31,-41,-10,-33,-68,-373,-381,-324,-125,-125,-125,-126,-117,-102,-101,-160,-177,-262,-276,-277,-170,-172,5639,5510]} 1. d4 Nf6 2. c4 e6 3. Nc3 Bb4 4. Qc2 O-O 5. a3 Bxc3+ 6. Qxc3 b6 7. Nf3 Bb7 8. g3 d6 9. Bg2 Nbd7 10. O-O c5 11. dxc5 Nxc5 {E32: Nimzo-Indian: Classical (4 Qc2): 4...0-0.} 12. Be3 Rc8 {[#]} 13. Bxc5 $146 ({Predecessor:} 13. Rac1 Qe7 14. b3 d5 15. Qb2 dxc4 16. Rxc4 Bd5 17. Bxc5 bxc5 18. Rc2 Qb7 19. Rfc1 {½-½ (37) Georgiev,K (2657)-Yemelin,V (2574) Skopje 2013}) 13... Rxc5 {Black has an edge.} 14. b4 Rc7 15. Qb3 Bxf3 16. Bxf3 Qc8 17. Rfd1 Rd8 18. Rd4 e5 19. Rh4 g5 ({Black should play} 19... Qe6 $15 20. Qd3 g6) 20. Rh6 (20. Qe3 $1 $11 {remains equal.} Qf5 21. Be4 Nxe4 22. Rxe4) 20... Kg7 $17 21. Rxf6 Kxf6 22. Bd5 a6 (22... Qg4 $17 23. Qd3 Kg7) 23. a4 $11 Qd7 24. Qe3 Rb8 $1 25. Ra3 (25. h4 $11 h6 26. Kg2) 25... h6 26. Qe4 Kg7 27. Rf3 Rf8 28. g4 f5 (28... f6 $15 29. b5 axb5 30. axb5 Ra7) 29. gxf5 Qxa4 {Hoping for ...Qa1+.} 30. Qg4 Qe8 (30... Qxb4 $2 31. Qh5 $18) 31. h4 Kf6 (31... Qd8 $1 $11) 32. Rh3 {[%mdl 1024] White has strong compensation.} Rh8 33. e4 $1 Rg7 {White must now prevent ...gxh4.} 34. h5 $2 {[%mdl 8192]} (34. Qd1 $1 $16 {stays on course.}) 34... Qa4 $19 35. b5 (35. Kg2 {keeps fighting.}) 35... a5 36. Rd3 Qb4 ({Black should try} 36... Qc2 $19 37. Qg3 Qc1+ 38. Kg2 Rd8) 37. Qd1 Rd8 38. Bc6 a4 {[#]} ({Better is} 38... Rf7 $17) 39. Qc2 $2 (39. c5 $1 $11 {[%mdl 512]} Qxc5 40. Qxa4) 39... a3 $2 {[#]} (39... g4 $1 $19 40. Qd1 Rg5) 40. c5 $1 {[%mdl 512]} Qxc5 41. Qa2 {[%csl Gf5][%cal Ra2e6] [#]} (41. Qb3 $5 {[%cal Rb3e6]} d5 42. Bxd5 $17) 41... d5 $1 42. Rxa3 $2 {[%mdl 8192]} (42. Bxd5 $15 Rgd7 43. Bc6 $3 {[%mdl 512]}) 42... g4 $1 {[%cal Rg4g3] Threatens to win with ...g3.} 43. Kg2 {[%cal Rc6d5] [#]} Qc4 $2 (43... Rg5 $1 $19 {[%cal Rg5h5]} 44. Bxd5 Rxh5) 44. Bxd5 $17 Qxa2 ({Much worse is} 44... Qxb5 45. Rc3 $11) 45. Rxa2 {[%mdl 4096] Endgame KRR-KRB} Rc7 46. Ra6 Rb8 47. Bc6 (47. f3 $142) 47... Kg5 48. Ra1 {[#]} (48. Bd5 $142) 48... Rd8 $1 $19 ({Don't take} 48... Kxh5 49. Rd1 $17) 49. Ra6 Kxh5 50. Rxb6 Rd6 $4 {[%mdl 8192]} (50... Rd2 $19 51. Kg3 Rc8) 51. Be8+ {[%mdl 64] Discovered Attack. What a bad dream for Black. Accuracy: White = 63%, Black = 49%.} 1-0

[Event "WSTCC-65 2020"]
[Site "Prague"]
[Date "2020.03.12"]
[Round "7.38"]
[White "Heim, Sverre"]
[Black "Jedlicka, Vladimir"]
[Result "1-0"]
[WhiteElo "2316"]
[BlackElo "2068"]
[Annotator "TA"]
[PlyCount "55"]
[EventDate "2020.03.06"]
[EventType "team-tourn"]
[EventCountry "CZE"]
[SourceTitle "playchess.com"]
[Source "ChessBase"]
[SourceQuality "1"]

{[%evp 14,55,73,59,63,45,60,49,211,148,178,190,212,204,229,173,223,38,148,129,138,36,112,95,227,231,230,227,239,232,657,652,1522,1506,1597,1553,1778,1659,3602,3050,29989,29990,29990,1177]} 1. e4 e5 2. Nf3 d6 3. d4 Nd7 4. c4 c6 5. Nc3 Ngf6 6. Be2 Qc7 7. O-O Be7 8. Re1 h6 {[#] A55: Old Indian Defence with Nf3 and e4.} 9. b3 $146 ({Predecessor:} 9. Rb1 a5 10. Qc2 g5 11. d5 c5 12. a3 a4 13. b3 axb3 14. Rxb3 Nf8 15. Bd2 Ng6 16. a4 {0-1 (43) Zych,M (2061)-Luba,L (2130) Polanica Zdroj 2019}) 9... Nf8 10. Bb2 g5 $2 ({Black should play} 10... Ne6 $14) 11. c5 Ng6 12. cxd6 $1 Bxd6 13. Rc1 $1 Qe7 14. dxe5 Nxe5 {[#]} 15. Qd2 $2 ({White has to play} 15. Nd5 $1 $18 {[%cal Rd5e7]} cxd5 16. Bb5+ Bd7 17. Bxe5 Bxe5 18. exd5) 15... Nxf3+ ({Better is} 15... O-O $14) 16. Bxf3 $16 ({Reject} 16. gxf3 $6 Bf4 $11) 16... Bf4 {[#]} 17. Qd4 (17. Qc2 $1 $16 O-O 18. Rcd1) 17... Bxc1 (17... Be5 $1 $14 18. Qa4 Bd7) 18. Rxc1 {Hoping for Na4.} c5 (18... g4 $16 19. Be2 h5) 19. Qd2 $18 {[%mdl 1024] Threatens to win with e5! White has strong compensation.} O-O {[#]} 20. e5 $1 {[%mdl 512]} Ne8 {intending ...Be6.} ({But not} 20... Qxe5 $2 21. Nd5 $18) 21. Nd5 Qe6 $2 (21... Qd8 22. Rxc5 Be6) 22. h3 f5 23. exf6 Qf7 24. h4 Be6 25. hxg5 Kh8 26. Ne7 {White threatens g6 and mate.} hxg5 27. Qxg5 Nxf6 28. Qh6+ {Accuracy: White = 70%, Black = 18%.} (28. Rxc5 $142 Qxe7 29. Qh6+ Qh7 30. Bxf6+ Rxf6 {[%mdl 64] Remove Defender} 31. Qxf6+ {[%mdl 64] Double Attack} Qg7 32. Qxe6 Rg8 33. Rh5+ Qh7 34. Bd5 Rxg2+ 35. Kxg2 Kg7 36. Qf7+ {[%mdl 64] Double Attack} Kh8 37. Rxh7#) 1-0

[Event "WSTCC-65 2020"]
[Site "Prague"]
[Date "2020.03.12"]
[Round "7.39"]
[White "Jacek, Miloslav"]
[Black "Moen, Ole Christian"]
[Result "0-1"]
[WhiteElo "1962"]
[BlackElo "2192"]
[Annotator "ChessBase"]
[PlyCount "82"]
[EventDate "2020.03.06"]
[EventType "team-tourn"]
[EventCountry "CZE"]
[SourceTitle "playchess.com"]
[Source "ChessBase"]
[SourceQuality "1"]
[TimeControl "40/5400+30:1800+30"]

1. e4 {[%emt 0:00:00]} e5 {[%emt 0:00:52]} 2. Nf3 {[%emt 0:00:00]} Nc6 {[%emt 0:00:08]} 3. d4 {[%emt 0:00:00]} exd4 {[%emt 0:00:08]} 4. Bc4 {[%emt 0:00:05]} Nf6 {[%emt 0:01:10]} 5. e5 {[%emt 0:00:22]} Ne4 {[%emt 0:00:20]} 6. O-O {[%emt 0:01:44]} d5 {[%emt 0:00:25]} 7. Bb5 {[%emt 0:00:41]} Bd7 {[%emt 0:03:44]} 8. Bxc6 {[%emt 0:00:36]} bxc6 {[%emt 0:00:22]} 9. Nxd4 {[%emt 0:00:35]} Be7 {[%emt 0:05:00]} 10. f3 {[%emt 0:02:12]} Nc5 {[%emt 0:01:30]} 11. Be3 {[%emt 0:01:31]} O-O {[%emt 0:00:28]} 12. Nb3 {[%emt 0:04:59]} Ne6 {[%emt 0:02:15]} 13. f4 {[%emt 0:01:27]} f5 {[%emt 0:00:16]} 14. Nc3 {[%emt 0:02:20]} h6 {[%emt 0:10:27]} 15. Na4 {[%emt 0:08:15]} Qb8 {[%emt 0:07:05]} 16. c4 {[%emt 0:15:22]} Qb4 {[%emt 0:02:41]} 17. cxd5 {[%emt 0:01:10]} cxd5 {[%emt 0:01:47]} 18. Nac5 {[%emt 0:03:19]} Nxc5 {[%emt 0:01:03]} 19. Nxc5 {[%emt 0:03:33]} Bc6 {[%emt 0:02:40]} 20. Qd4 {[%emt 0:02:48]} Rab8 {[%emt 0:05:44]} 21. b3 {[%emt 0:07:20]} Rfc8 {[%emt 0:05:14]} 22. Rfd1 {[%emt 0:01:06]} a5 {[%emt 0:01:53]} 23. Rac1 {[%emt 0:01:13]} Ba8 {[%emt 0:01:52]} 24. Na6 {[%emt 0:03:00]} Qxd4 {[%emt 0:00:11]} 25. Bxd4 {[%emt 0:00:15]} Rb7 {[%emt 0:00:58]} 26. Nc5 {[%emt 0:01:27]} Rb5 {[%emt 0:01:26]} 27. Ne6 {[%emt 0:02:23]} c5 {[%emt 0:05:07]} 28. a4 {[%emt 0:01:55]} Rxb3 {[%emt 0:03:25]} 29. Nxc5 {[%emt 0:00:35]} Rb4 {[%emt 0:00:58]} 30. Na6 {[%emt 0:10:28]} Rbc4 {[%emt 0:00:47]} 31. Be3 {[%emt 0:02:07]} Bb7 {[%emt 0:07:18]} 32. Rxc4 {[%emt 0:00:34]} Rxc4 {[%emt 0:00:08]} 33. Nb8 {[%emt 0:00:34]} Rxa4 {[%emt 0:00:42]} 34. Nd7 {[%emt 0:03:01]} Ra2 {[%emt 0:06:23]} 35. Rb1 {[%emt 0:04:50]} Bc6 {[%emt 0:00:52]} 36. e6 {[%emt 0:01:49]} Re2 {[%emt 0:03:16]} 37. Rb8+ {[%emt 0:02:10]} Kh7 {[%emt 0:00:10]} 38. Re8 {[%emt 0:02:21]} d4 {[%emt 0:01:56]} 39. Rxe7 {[%emt 0:00:43]} dxe3 {[%emt 0:00:09]} 40. Kf1 {[%emt 0:00:00]} Rf2+ {[%emt 0:00:00]} 41. Ke1 {[%emt 0:05:50]} Bb5 {[%emt 0:00:22]} 0-1

[Event "WSTCC-65 2020"]
[Site "Prague"]
[Date "2020.03.12"]
[Round "7.40"]
[White "Kristiansen, Erling"]
[Black "Hnat, Zdenek"]
[Result "1/2-1/2"]
[WhiteElo "2123"]
[BlackElo "1802"]
[Annotator "ChessBase"]
[PlyCount "72"]
[EventDate "2020.03.06"]
[EventType "team-tourn"]
[EventCountry "CZE"]
[SourceTitle "playchess.com"]
[Source "ChessBase"]
[SourceQuality "1"]
[TimeControl "40/5400+30:1800+30"]

1. d4 {[%emt 0:00:00]} d5 {[%emt 0:00:00]} 2. Nf3 {[%emt 0:00:00]} e6 {[%emt 0:00:42]} 3. c4 {[%emt 0:00:09]} c5 {[%emt 0:00:42]} 4. cxd5 {[%emt 0:00:14]} exd5 {[%emt 0:00:23]} 5. g3 {[%emt 0:00:27]} Nf6 {[%emt 0:00:59]} 6. Bg2 {[%emt 0:00:12]} Nc6 {[%emt 0:01:35]} 7. O-O {[%emt 0:00:15]} Be6 {[%emt 0:01:11]} 8. Nc3 {[%emt 0:00:26]} Be7 {[%emt 0:02:02]} 9. h3 {[%emt 0:02:25]} Qd7 {[%emt 0:03:28]} 10. Kh2 {[%emt 0:01:35]} O-O 11. Be3 b6 {[%emt 0:05:14]} 12. Rc1 {[%emt 0:04:59]} Rac8 {[%emt 0:01:38]} 13. b3 {[%emt 0:06:02]} Rfd8 {[%emt 0:03:40]} 14. Qd2 {[%emt 0:02:23]} Ne4 {[%emt 0:02:55]} 15. Qb2 {[%emt 0:00:04]} Bf6 {[%emt 0:01:16]} 16. Rfd1 cxd4 17. Nxd4 {[%emt 0:02:49]} Nxd4 {[%emt 0:08:21]} 18. Bxd4 {[%emt 0:00:05]} Bxd4 {[%emt 0:01:15]} 19. Rxd4 {[%emt 0:00:03]} Nxf2 {[%emt 0:03:12]} 20. e4 {[%emt 0:02:01]} Nxh3 {[%emt 0:01:19]} 21. Nxd5 {[%emt 0:00:06]} Kh8 {[%emt 0:02:30]} 22. Rxc8 {[%emt 0:00:17]} Qxc8 {[%emt 0:10:46]} 23. Bxh3 {[%emt 0:11:52]} Bxh3 {[%emt 0:01:41]} 24. Nxb6 {[%emt 0:00:02]} axb6 25. Rxd8+ {[%emt 0:00:05]} Qxd8 {[%emt 0:02:04]} 26. Kxh3 Qd3 {[%emt 0:02:53]} 27. Qc1 {[%emt 0:02:54]} g6 {[%emt 0:02:31]} 28. Qf4 {[%emt 0:02:02]} Kg7 {[%emt 0:00:57]} 29. e5 {[%emt 0:00:52]} Qd7+ {[%emt 0:02:12]} 30. Kh2 {[%emt 0:02:20]} Qc6 {[%emt 0:01:38]} 31. Qd4 {[%emt 0:06:38]} Qc2+ {[%emt 0:02:15]} 32. Kh3 {[%emt 0:00:06]} Qf5+ {[%emt 0:00:51]} 33. Kg2 {[%emt 0:00:19]} Qc2+ 34. Qf2 Qe4+ {[%emt 0:05:30]} 35. Kh2 {[%emt 0:00:42]} b5 {[%emt 0:03:40]} 36. Qf6+ {[%emt 0:06:39]} Kg8 1/2-1/2